Hodnotenie a perspektívy vývoja EÚ-Kórejských vzťahov v kontexte integrácie SR do EÚ

Význam Kórei v súčasnej politickej a ekonomickej situácii. Hospodárska dimenzia. ASEM (Ázijsko-Európske stretnutie). Politická časť. Bilaterálne vzťahy Slovenska a Kórey. Konzulárna agenda.

Na minha lista:
Detalhes bibliográficos
Autor principal: Kurilla, Norbert
Formato: Capítulo de Livro
Idioma:eslovaco
Assuntos:
Tags: Adicionar Tag
Sem tags, seja o primeiro a adicionar uma tag!

MARC

LEADER 00000naa$a2200000$$$4500
001 0036238
005 20221207085651.0
041 0 |a slo 
044 |a SK 
245 1 0 |a Hodnotenie a perspektívy vývoja EÚ-Kórejských vzťahov v kontexte integrácie SR do EÚ  |c Norbert Kurilla 
520 |a Význam Kórei v súčasnej politickej a ekonomickej situácii. Hospodárska dimenzia. ASEM (Ázijsko-Európske stretnutie). Politická časť. Bilaterálne vzťahy Slovenska a Kórey. Konzulárna agenda. 
610 2 0 |a vzťahy medzinárodné 
610 2 0 |a Európska únia 
610 2 0 |a Kórea 
610 2 0 |a Slovensko 
610 2 0 |a vzťahy hospodárske medzinárodné 
610 2 0 |a vzťahy politické medzinárodné 
100 1 |a Kurilla, Norbert